Do You Actually Chess? (Harder Version) - Statistics

General Stats
  • This quiz has been taken 7 times
  • The average score is 11 of 20
Answer Stats
Hint Answer % Correct
A kind of move in Chess.com that barely, slightly worsens the position but isn't that seriouse.g., moving a random pawn 2 squares instead of developing a knight to an active square Inaccuracy
86%
A special move when your pawn captures another pawn that just moved two squares and landed beside it En Passant
71%
The last record-holder of the highest FIDE chess rating in 1999 before Magnus Carlsen in 2013 surpassed him Garry Kasparov
71%
The username of a chess YouTuber whose first name is Levy and a title of International Master GothamChess
71%
The algebraic notation for queenside castling O-O-O
71%
A method of writing moves by representing pieces as letters and pawns as their corresponding file and special symbols for special moves Algebraic Notation
57%
This is a kind of mate that uses a knight and a rook being guarded by the knight to checkmate the king in any corner Arabian Mate
57%
An opening for black that requires moving the pawn to c6, then another pawn to d5 Caro-kann
57%
A kind of pawn structure when one pawn is directly on top of another Doubled Pawns
57%
The name of the international chess body that sets the rules for chess competitions, awards international chess titles, and organizes the World Chess Championships (FIDE) Fédération Internationale des Échecs
57%
The title just under Grandmaster (GM) International Master
57%
A bot that is known for being the "most stupid" bot on Chess.com, making it arguably the most popular Chess.com bot Martin
57%
When one player gains an extra move, becoming an advantage Tempo
57%
The first Indian chess grandmaster in 1988 who has the eighth highest peak FIDE rating of all time Viswanathan "Vishy" Anand
57%
A tactic when, instead of playing the most obvious move, like recapturing, one plays a move that threatens something that the opponent must answer, and only then playing the obvious move (German Term) Zwischenzug
57%
An official who oversees and manages a chess tournament or match; they ensure that the rules are followed, resolve disputes, and maintain the integrity of the competition Arbiter
43%
An opening where both the white and black player move their e pawns two spaces ahead, then both of them develop all their knights nearer to the center of the board Four Knights Opening
43%
An anonymous but famous chess player known for keeping his identity hidden by wearing a full-body checkered spandex suit, and also managing to beat top chess players Rey Enigma
43%
The number of moves without a pawn move nor a capture it takes to forcefully become a draw (it's not 50) Seventy-Five
43%
The country where the last chess tournament was held as of June 11, 2025 Singapore
0%
No matching quizzes found
Score Distribution
Percent of People with Each Score
Percentile by Number Answered
Your Score History
You have not taken this quiz